Biblioteca

Costa Rica dialogue : íTo what lengths political discourse has come! (Registro nro. 59588)

Detalles MARC
000 -LÍDER
Campo fijo de descripción fija 004010000a22001090004500
100 1# - ASIENTO PRINCIPAL--NOMBRE PERSONAL
Nombre personal Sabean, Roberto
245 10 - TÍTULO
Título del Material Costa Rica dialogue : íTo what lengths political discourse has come!
300 ## - DESCRIPCIÓN FÍSICA
Extensión Vol. 84, No. 3 (Noviembre, 2004-Febrero, 2005), Páginas 14-15
500 ## - NOTA GENERAL
Nota General Robert Sabean LAM, Misionary in Costa Rica. La Nación, August 3, 2004
773 0# - HOST ITEM ENTRY
Title Latin America Evangelist
942 ## - TIPO DE MATERIAL (KOHA)
Tipo de Item KOHA Artículos de Revista
Existencias
Estado de Material Estado de Perdido Estado de Dañado No para Préstamo Colección Biblioteca de Origen Biblioteca Permanente Fecha de Adquisición Total de Préstamos Signatura Topográfica Última vez visto Fecha de Remplazo Tipo de Material
        Colección de Hemeroteca Biblioteca FUSBC Biblioteca FUSBC 26/01/2016   26/01/2016 26/01/2016 Artículos de Revista

Biblioteca FUSBC | Teléfono: (57+4) 349 88 10 Ext. 141| WhatsApp (+57) 3005338115 
E-mail: biblioteca@unisbc.edu.co | Calle 76 87-14 Robledo Palenque, Medellín, Colombia

Con tecnología Koha